[Event "Chigorin Memorial 17th"]
[Site "St Petersburg"]
[Date "2009.10.24"]
[Round "9"]
[White "Samigullina, Diana"]
[Black "Bronnikova, Elizaveta"]
[Result "0-1"]
[WhiteElo "2152"]
[BlackElo "2290"]
[PlyCount "100"]
[EventDate "2009.10.16"]
[EventType "swiss"]
[EventRounds "9"]
[EventCountry "RUS"]
[SourceTitle "CBM 132 Extra"]
[Source "ChessBase"]
[SourceDate "2009.11.03"]
[SourceVersion "1"]
[SourceVersionDate "2009.11.03"]
[SourceQuality "1"]

1. d4 g6 2. Nf3 Bg7 3. c4 d6 4. Nc3 Nd7 5. g3 e5 6. Bg2 Ne7 7. 0-0 0-0 8. e4 h6 9. Be3 f5 10. dxe5 dxe5 11. Qc1 Kh7 12. Rd1 c6 13. Bc5 Qe8 14. Bd6 Rf7 15. Qc2 f4 16. gxf4 Rxf4 17. Ne2 Rf7 18. Qc3 c5 19. Qe3 Nc6 20. Bxc5 Nxc5 21. Qxc5 Bg4 22. Qe3 Qe6 23. Nd2 Bxe2 24. Qxe2 Nd4 25. Qd3 Raf8 26. f3 Rd7 27. Qf1 Qb6 28. Qf2 Qxb2 29. Nb3 Qa3 30. Rab1 Rdf7 31. Nxd4 exd4 32. Rb3 Qc5 33. Bf1 Qg5+ 34. Kh1 Be5 35. Qg2 Qf4 36. Rdb1 b6 37. Rd1 Qh4 38. Rb5 Qe7 39. Rb3 Rf4 40. h3 Qf6 41. Be2 Rh4 42. Rg1 Qe6 43. Bf1 Bf4 44. c5 bxc5 45. Rb7+ Rf7 46. Rxf7+ Qxf7 47. Qf2 Rh5 48. Rg4 Be3 49. Qe2 c4 50. Bg2 Rb5 0-1

[Event "EU-ch U14 Girls 19th"]
[Site "Fermo"]
[Date "2009.09.01"]
[Round "2"]
[White "Chiarion, Elisa"]
[Black "Samigullina, Diana"]
[Result "1/2-1/2"]
[WhiteElo "1904"]
[BlackElo "2152"]
[PlyCount "117"]
[EventDate "2009.08.31"]
[EventType "swiss"]
[EventRounds "9"]
[EventCountry "ITA"]
[SourceTitle "CBM 132 Extra"]
[Source "ChessBase"]
[SourceDate "2009.11.03"]
[SourceVersion "1"]
[SourceVersionDate "2009.11.03"]
[SourceQuality "1"]

1. e4 c6 2. d4 d5 3. Nd2 dxe4 4. Nxe4 Bf5 5. Ng3 Bg6 6. N1e2 e6 7. Nf4 Bd6 8. h4 Qc7 9. Ngh5 Bxh5 10. Nxh5 g6 11. Bc4 gxh5 12. Bg5 Ne7 13. Qxh5 Qa5+ 14. c3 Qf5 15. 0-0 Qg6 16. Qf3 h6 17. Bd3 Nf5 18. g4 hxg5 19. gxf5 Qh5 20. Qxh5 Rxh5 21. fxe6 Rxh4 22. exf7+ Kxf7 23. Rfe1 Nd7 24. Bc4+ Kg7 25. Re6 Rh6 26. Rae1 Rxe6 27. Rxe6 Bf8 28. Bd3 Nf6 29. Re5 g4 30. Rg5+ Kf7 31. Be2 Be7 32. Bc4+ Ke8 33. Be6 Rd8 34. Kg2 Rd6 35. Bxg4 Nxg4 36. Rxg4 Kd7 37. Kf3 Re6 38. Re4 Rxe4 39. Kxe4 Ke6 40. c4 Bf6 41. b3 Kd6 42. f3 Ke6 43. a3 Be7 44. a4 Bf8 45. Kf4 a5 46. Ke4 Bg7 47. f4 Bf8 48. d5+ cxd5+ 49. cxd5+ Kf6 50. Kd4 Kf5 51. Kc4 b6 52. Kb5 Bc5 53. Kc6 Kxf4 54. d6 Ke4 55. d7 Be7 56. Kxb6 Bd8+ 57. Kb5 Kd5 58. b4 axb4 59. Kxb4 1/2-1/2

[Event "EU-ch U14 Girls 19th"]
[Site "Fermo"]
[Date "2009.08.31"]
[Round "1"]
[White "Samigullina, Diana"]
[Black "Gaboyan, Susanna"]
[Result "1-0"]
[WhiteElo "2152"]
[BlackElo "1788"]
[PlyCount "136"]
[EventDate "2009.08.31"]
[EventType "swiss"]
[EventRounds "9"]
[EventCountry "ITA"]
[SourceTitle "CBM 132 Extra"]
[Source "ChessBase"]
[SourceDate "2009.11.03"]
[SourceVersion "1"]
[SourceVersionDate "2009.11.03"]
[SourceQuality "1"]

1. d4 d5 2. c4 e6 3. Nc3 c6 4. cxd5 exd5 5. Qc2 Bd6 6. Nf3 Ne7 7. e3 Bf5 8. Bd3 Bxd3 9. Qxd3 0-0 10. Bd2 Nd7 11. 0-0 Ng6 12. Ne2 Nh4 13. Nxh4 Qxh4 14. f4 Nf6 15. Rf3 Ne4 16. Ng3 f5 17. Be1 Qe7 18. Qb3 Nxg3 19. Rxg3 Rf6 20. Bd2 a5 21. a3 Qc7 22. Rc1 Ra6 23. Rg5 h6 24. Rg3 Qb6 25. Qc2 Qb5 26. Bc3 Rb6 27. Rh3 Bf8 28. Kh1 Ra6 29. Rg1 a4 30. Rh5 g6 31. Rh4 Qb3 32. Qd3 Qc4 33. Qxc4 dxc4 34. g4 Kf7 35. g5 hxg5 36. Rh7+ Kg8 37. Rxb7 g4 38. h3 gxh3 39. d5 Rd6 40. Be5 h2 41. Kxh2 cxd5 42. Bxd6 Rxd6 43. Rd1 Bg7 44. Kg3 Bf6 45. Kf3 Bg7 46. Rb4 Kf7 47. Rd2 c3 48. bxc3 Bxc3 49. Rb7+ Kf6 50. Rd3 d4 51. exd4 Bxd4 52. Rb4 Bc5 53. Rxd6+ Bxd6 54. Rxa4 Ke6 55. Ra6 Kd5 56. a4 Kc5 57. a5 Bc7 58. Rxg6 Bxa5 59. Rg5 Kd6 60. Rxf5 Bc3 61. Ke4 Ke6 62. Rb5 Bf6 63. Rb6+ Ke7 64. Kf5 Bd4 65. Rb7+ Kf8 66. Kg6 Bc3 67. f5 Be5 68. f6 Bd6 1-0

[Event "Perm op 06"]
[Site "Perm"]
[Date "2009.06.10"]
[Round "3"]
[White "Samigullina, Diana"]
[Black "Gavrilov, Andrei"]
[Result "0-1"]
[WhiteElo "2079"]
[BlackElo "1630"]
[PlyCount "72"]
[EventDate "2009.06.09"]
[EventType "swiss"]
[EventRounds "8"]
[EventCountry "RUS"]
[SourceTitle "EXT 2022"]
[Source "ChessBase"]
[SourceDate "2021.10.06"]
[SourceVersion "1"]
[SourceVersionDate "2021.10.06"]
[SourceQuality "1"]

1. e4 c5 2. c3 d5 3. exd5 Qxd5 4. d4 cxd4 5. Qxd4 Qxd4 6. cxd4 Nc6 7. Bb5 Bd7 8. Bxc6 Bxc6 9. f3 0-0-0 10. Be3 Nf6 11. Nc3 e6 12. a3 Nd5 13. Nxd5 Bxd5 14. Rc1+ Kb8 15. Ne2 Bd6 16. Kf2 f6 17. Nc3 a6 18. g3 g5 19. h4 h6 20. Rh2 Bc6 21. b4 Rdg8 22. Rg1 g4 23. f4 h5 24. Rf1 Bf3 25. Na4 e5 26. dxe5 fxe5 27. fxe5 Bxe5 28. Nb6 Rd8 29. Bf4 Rhe8 30. Re1 Ka7 31. Nc4 Bd4+ 32. Be3 Re4 33. Bxd4+ Rexd4 34. Ne5 Rd2+ 35. Kg1 Rxh2 36. Kxh2 Rd2+ 0-1